[Event "Mumbai Aurionpro U14 op"]
[Site "Mumbai"]
[Date "2025.06.22"]
[Round "7"]
[White "Maras, Sahejveer Singh"]
[Black "Manya, Abhishek Drolia"]
[Result "1/2-1/2"]
[WhiteElo "1849"]
[BlackElo "1713"]
[PlyCount "65"]
[EventDate "2025.06.16"]
[EventType "swiss"]
[EventRounds "9"]
[EventCountry "IND"]
[SourceTitle "CB26_2025"]
[SourceDate "2025.06.25"]
[SourceVersion "1"]
[SourceVersionDate "2025.06.25"]
[SourceQuality "1"]

1. b3 e5 2. Bb2 Nc6 3. e3 d5 4. Bb5 Bd6 5. f4 Qe7 6. Qf3 Nf6 7. Nc3 Bg4 8. Qf2 exf4 9. h3 d4 10. hxg4 fxe3 11. Qf3 exd2+ 12. Kf1 dxc3 13. Bxc6+ Kf8 14. Bxc3 bxc6 15. Bxd2 Nxg4 16. Re1 Qd7 17. Bc3 Nh2+ 18. Rxh2 Bxh2 19. Nh3 h6 20. Nf2 Bd6 21. Ng4 h5 22. Bxg7+ Kxg7 23. Qc3+ f6 24. Qxf6+ Kg8 25. Qg6+ Kf8 26. Re6 Qxe6 27. Qxe6 hxg4 28. Qf6+ Kg8 29. Qg6+ Kf8 30. Qf6+ Kg8 31. Qg6+ Kf8 32. Qf6+ Kg8 33. Qg6+ 1/2-1/2

[Event "Mumbai Aurionpro U14 op"]
[Site "Mumbai"]
[Date "2025.06.17"]
[Round "2"]
[White "Manya, Abhishek Drolia"]
[Black "Salunke, Siddhant"]
[Result "1/2-1/2"]
[WhiteElo "1713"]
[BlackElo "1915"]
[PlyCount "94"]
[EventDate "2025.06.16"]
[EventType "swiss"]
[EventRounds "9"]
[EventCountry "IND"]
[SourceTitle "CB26_2025"]
[SourceDate "2025.06.25"]
[SourceVersion "1"]
[SourceVersionDate "2025.06.25"]
[SourceQuality "1"]

1. e4 c5 2. Nc3 Nc6 3. Bb5 Nd4 4. f4 g6 5. Nf3 Bg7 6. 0-0 Nxb5 7. Nxb5 a6 8. Nc3 b5 9. d3 Bb7 10. Qe1 d5 11. e5 e6 12. Kh1 Ne7 13. Bd2 h5 14. Ng5 Nf5 15. Nd1 h4 16. Nf2 Qe7 17. Nfh3 Bf8 18. Rb1 a5 19. a3 Qc7 20. Qf2 c4 21. Be3 b4 22. axb4 axb4 23. Ra1 Rc8 24. d4 c3 25. b3 Be7 26. Qe2 Kf8 27. Bf2 Kg7 28. Nf3 Qb6 29. Nhg5 Bc6 30. Qe1 Rh6 31. Nxh4 Nxh4 32. Bxh4 Rch8 33. g3 Qxd4 34. Rf2 Qc5 35. Kg1 Rxh4 36. gxh4 Rxh4 37. Kf1 Bb5+ 38. Kg2 Bxg5 39. fxg5 Rg4+ 40. Kh1 d4 41. Rxf7+ Kxf7 42. Qf2+ Ke7 43. Qf6+ Kd7 44. Qf7+ Qe7 45. Ra7+ Kc8 46. Ra8+ Kd7 47. Ra7+ Kc8 1/2-1/2

[Event "IND-ch U11 Girls 37th"]
[Site "Hyderabad"]
[Date "2024.10.06"]
[Round "5"]
[White "Aadya, Ranganath"]
[Black "Manya, Abhishek Drolia"]
[Result "1-0"]
[WhiteElo "1704"]
[BlackElo "1571"]
[PlyCount "114"]
[EventDate "2024.10.04"]
[EventType "swiss"]
[EventRounds "11"]
[EventCountry "IND"]
[SourceTitle "CB47_2024"]
[SourceDate "2024.11.20"]
[SourceVersion "1"]
[SourceVersionDate "2024.11.20"]
[SourceQuality "1"]

1. d4 Nf6 2. Nc3 g6 3. e4 d6 4. Nf3 Bg7 5. h3 0-0 6. Be3 e5 7. dxe5 dxe5 8. Bd3 Be6 9. Nxe5 Nfd7 10. Nxd7 Nxd7 11. 0-0 f5 12. exf5 gxf5 13. Bf4 Nc5 14. Qe2 Re8 15. Rad1 Qf6 16. Bc4 Kh8 17. Bxe6 Nxe6 18. Qf3 Rg8 19. Rfe1 Nxf4 20. Qxf4 Bh6 21. Qe5 Qg7 22. Rd7 Qxe5 23. Rxe5 Rg7 24. Rxg7 Kxg7 25. Re7+ Kg6 26. Rxc7 b6 27. Rc6+ Kg7 28. Nd5 Rd8 29. Rc7+ Kh8 30. c4 b5 31. b3 bxc4 32. bxc4 a5 33. Rc5 Bd2 34. Rb5 Kg7 35. Ne3 Kf6 36. Rxf5+ Kg6 37. Rd5 Rxd5 38. cxd5 Kf6 39. Nc4 Bc3 40. g4 Ba1 41. f4 Bc3 42. Kf2 Bd4+ 43. Ke2 a4 44. Kd3 Bc5 45. Ne5 Ke7 46. Kc4 Be3 47. f5 Kd6 48. Nf3 Bh6 49. g5 Bf8 50. f6 a3 51. h4 Kc7 52. h5 Kd7 53. g6 hxg6 54. hxg6 Ke8 55. g7 Bxg7 56. fxg7 Kf7 57. d6 Ke8 1-0